| 000 | 00969nam0a22002291 4500 | ||
|---|---|---|---|
| 001 | rc\1122256 | ||
| 005 | 20250622184631.0 | ||
| 035 | _a(NLR Aleph) 006365104 | ||
| 090 |
_a4942326 _c4942326 |
||
| 100 | _a20041126d1981 |||y0rusy50 ca | ||
| 101 | 0 | _arus | |
| 102 | _aRU | ||
| 105 | _ay ||||||||| | ||
| 200 | 1 |
_aКомплексная целевая программа подготовки сборной команды СССР по легкоатлетическим метаниям к играм XXIII Олимпиады _fКом. по физ. культуре и спорту при Совете Министров СССР. Упр. лег. атлетики ВНИИФК _g[Подгот.: Возняком С.В., Бакариновым Ю.М.] |
|
| 210 |
_aМ. _cБ. и. _d1981 |
||
| 215 |
_a[1], 81 с. _d20 |
||
| 333 | _aДСП. Экз. № 7 | ||
| 801 | 0 |
_aRU _bNLR _gpsbo |
|
| 801 | 1 |
_aRU _bELAR _2rusmarc |
|
| 852 |
_aNLR _j81-50К/3960 |
||
| 942 | _cBOOK | ||
| 980 | _aNB | ||